=LDR 00000nam 2200000 4500 =001 INLIS000000000810135 =005 20251027090928 =035 ##$$a 0010-1025000118 =007 ta =008 251027###########################0###### =020 ##$$a 9789792658279 =082 ##$$a 297.57 =084 ##$$a 297.57 JAW wa =245 ##$$a Wasiat Nabi Kepada Ibnu Abbas /$c Yazid bin Abdul Qadir Jawas =260 ##$$a Bogor :$b Pustaka At Taqwa